odgadnij kraj po opisie - Statystyki

Ogólne statystyki
  • Ten quiz został rozwiązany 98 razy
  • Średni wynik to 5 z 9
Statystyki odpowiedzi
Hint Odpowiedź % Poprawnych
kraj nad morzem bałtyckim dania, niemcy, polska, rosja, litwa, łotwa, estonia, finlandia, szwecja
87%
kraj na v vanuatu
79%
kraj oficialnie nie posiadający stolicy szwajcaria, nauru
63%
kraj posiadający poniżej 10 000 populacji watykan, nauru
58%
kraj graniczący z największym jeziorem na świecie iran, azerbejdzan, rosja, kazachstan, turkmenistan
56%
kraj na O oman
56%
kraj powstały po rozpadku jugosławi słowenia, chorwacja, bośnia i hercegowina , czarnogóra, kosowo, serbia, macedonia północna
56%
kraj posiadający jedną wyspę z ponad 140 milionów populacji indonezja
34%
kraj podwójnie śródlondowy lichtenstein, uzbekistan
27%
Nie znaleziono quizów pasujących do podanych kryteriów
Rozkład punktacji
Procent ludzi z każdym wynikiem
Percentyl według liczby udzielonych odpowiedzi
Twoja historia wyników
Nie rozwiązałeś tego quizu